000 01056nam a2200265 a 4500
003 BD-DhJNU
005 20241203062151.0
008 191129s2017 bg a c f000 0 eng d
020 _a9789843390820
_q(v. 1 :
_qhardback)
020 _a9789843390844
_q(v. 2 :
_qhardback)
040 _aBD-DhJNU
_bENG
_cBD-DhJNU
_dBD-DhJNU
082 0 4 _a737.409 DES
_223
110 2 _aBangladesh National Museum
245 1 2 _aA descriptive catalogue of coins of the Bengal sultans in the Bangladesh National Museum (Part: 1-2) /
_cprepared by Dr, Md. Rezaul Karim.
246 1 4 _aCoins of the Bengal sultans
264 1 _aDhaka :
_bBangladesh National Museum,
_c2017.
300 _a2 volumes :
_billustrations (colour) ;
_c30 cm.
490 1 _aDescriptive catalogue series/Bangladesh National Museum ;
_vvolume 5/2007
546 _aIncludes text in Arabic; with English translation.
650 0 _aIslamic coins
_zBangladesh
_vCatalogs.
650 0 _aSultans
_zBangladesh.
655 7 _aCatalogs.
_2fast
_0(OCoLC)fst01423692
700 1 _aKarim, Rezaul,
_eeditor.
942 _cBK
999 _c964
_d964